书目信息 |
| 题名: |
民国时期慈善法制研究
|
|
| 作者: | 曾桂林 著 | |
| 分册: | ||
| 出版信息: | 北京 人民出版社 2013.8 |
|
| 页数: | 508页 | |
| 开本: | 21cm | |
| 丛书名: | 中国慈善研究丛书 | |
| 单 册: | ||
| 中图分类: | D922.182.34 | |
| 科图分类: | ||
| 主题词: | 慈善事业--法律--研究--中国--民国 | |
| 电子资源: | ||
| ISBN: | 978-7-01-012123-9 | |
| 000 | 01007oam2 2200265 450 | |
| 001 | 351824 | |
| 005 | 20161017102915.61 | |
| 010 | @a978-7-01-012123-9@dCNY49.00 | |
| 100 | @a20131014d2013 kemy0chiy50 ea | |
| 101 | 0 | @achi |
| 102 | @aCN@b110000 | |
| 105 | @ay v 000yy | |
| 106 | @ar | |
| 200 | 1 | @a民国时期慈善法制研究@f曾桂林著 |
| 210 | @a北京@c人民出版社@d2013.8 | |
| 215 | @a508页@d21cm | |
| 225 | 2 | @a中国慈善研究丛书 |
| 300 | @a国家社科基金重大项目 《中国慈善通史》系列研究成果之一 | |
| 330 | @a本书发掘了大量的档案、政府公报及报刊文献资料,综合运用历史学、法学、社会保障学等多学科理论与研究方法,论述了民国时期慈善法立法的理念、体系及其演变历史轨迹,阐析了民国慈善法制的法律结构,并考察了民间慈善组织与民国政府慈善立法的互动关系以及主要慈善法律法规的实施。 | |
| 410 | 0 | @12001 @a中国慈善研究丛书 |
| 606 | 0 | @a慈善事业@x法律@x研究@y中国@z民国 |
| 690 | @aD922.182.34@v5 | |
| 701 | 0 | @a曾桂林@f(1975~)@4著 |
| 801 | 0 | @aCN@bTANGWEI@c20161010 |
| 905 | @b0896700-4@dD922.182.34@e1434@f5 | |
| 民国时期慈善法制研究/曾桂林著.-北京:人民出版社,2013.8 |
| 508页;21cm.-(中国慈善研究丛书) |
| 国家社科基金重大项目 《中国慈善通史》系列研究成果之一 |
| ISBN 978-7-01-012123-9:CNY49.00 |
| 本书发掘了大量的档案、政府公报及报刊文献资料,综合运用历史学、法学、社会保障学等多学科理论与研究方法,论述了民国时期慈善法立法的理念、体系及其演变历史轨迹,阐析了民国慈善法制的法律结构,并考察了民间慈善组织与民国政府慈善立法的互动关系以及主要慈善法律法规的实施。 |
| ● |
| 相关链接 |
|
|
|
|
正题名:民国时期慈善法制研究
索取号:D922.182.34/1434
 
预约/预借
| 序号 | 登录号 | 条形码 | 馆藏地/架位号 | 状态 | 备注 |
| 1 | 0896700 | 208967000 | 第一样本阅览室/ [索取号:D922.182.34/1434] | 在馆 | |
| 2 | 0896701 | 208967019 | 第一借阅区/ [索取号:D922.182.34/1434] | 在馆 | |
| 3 | 0896702 | 208967028 | 第一借阅区/ [索取号:D922.182.34/1434] | 在馆 | |
| 4 | 0896703 | 208967037 | 密集书库-史法系/ [索取号:D922.182.34/1434] | 在馆 | |
| 5 | 0896704 | 208967046 | 第一借阅区/ [索取号:D922.182.34/1434] | 在馆 |